| 000 | 00600nam a2200193 a 4500 | ||
|---|---|---|---|
| 005 | 20220608065322.0 | ||
| 008 | 991125n1880 par 000 0 spa u | ||
| 035 | _aUPN01000041816 | ||
| 049 | _aLT | ||
| 050 | 4 | _aLB1573 P5.48 | |
| 100 | 1 | _aPierre, Albert | |
| 245 | 1 | 0 |
_aNuestros amiguitos : _bgrado elemental / _cA. Pierre, A. Minet ; tr. M. de Toro Gómez. |
| 260 |
_aParís : _bF. Nathan, _c1880. |
||
| 300 |
_a137 p. : _bil. |
||
| 440 | 0 | _aMis primeras lecturas : curso completo de lectura y moral | |
| 650 | 4 |
_aLecturas y narraciones _910213 |
|
| 700 | 1 |
_aMinet, A., _ecoaut. |
|
| 905 | _aLibro | ||
| 999 |
_c41816 _d41816 |
||